000 00576nam a2200181 4500
001 123050
003 ES-MaACL
005 20230906192112.0
007 t|
008 070214q1920 fr r ||||0| fre d
245 0 0 _aProudhon et l'enseignement du peuple
_b: pages choisies, avec une introduction et des notes /
_cpar Aimé Berthod et Guy-Grand.
260 _aParis :
_bE. Chiron,
_c[1920?]
300 _aIV, 29 p.
700 1 _aProudhon, Pierre-Joseph.
_994052
700 1 _aBerthod, Aimé.
_928451
700 1 _aGuy-Grand, Georges.
_961262
852 _aES-MaACL
_j1648-F-9
999 _c123050
_d123050